Statistics for Top "C" Baby Names for Girls in 2013 in the United States

Click here to take the quiz!

General Stats

  • This quiz has been taken 4,317 times
  • The average score is 20 of 50

Answer Stats

Answer% Correct
Charlotte
75%
Christina
73%
Christine
73%
Catherine
72%
Chloe
71%
Carolina
70%
Caroline
70%
Claire
56%
Clare
56%
Cora
54%
Clara
52%
Cara
51%
Cali
49%
Callie
49%
Camilla
47%
Camille
47%
Cassandra
47%
Camila
46%
Charleigh
45%
Charley
45%
Charlie
45%
Caitlin
44%
Caitlyn
44%
Carly
44%
Charli
43%
Cameron
42%
Camryn
42%
Cynthia
39%
Cecelia
38%
Cecilia
38%
Courtney
36%
Chelsea
35%
Carmen
34%
Casey
33%
Cassidy
32%
Crystal
32%
Clarissa
25%
Ciara
21%
Claudia
21%
Cadence
20%
Corinne
19%
Celeste
18%
Coraline
17%
Cheyenne
14%
Colette
12%
Caylee
10%
Catalina
9%
Chanel
9%
Cataleya
4%
Chaya
1%

Score Distribution

Percentile by Number Answered

Percent of People with Each Score

Your Score History

You have not taken this quiz